أساليب التدريس ودمج التكنولوجيا في التعليم : وقائع المؤتمر الرابع للبحث العلمي في الأردن 7/11/2009 الأوراق العلمية المحكمة (Record no. 29165)
[ view plain ]
| 000 -LEADER | |
|---|---|
| fixed length control field | 01072nam a2200205Ii 4500 |
| 003 - CONTROL NUMBER IDENTIFIER | |
| control field | JO-AjNU |
| 008 - FIXED-LENGTH DATA ELEMENTS--GENERAL INFORMATION | |
| fixed length control field | 230605s9999||||xx |||||||||||||| ||und|| |
| 017 ## - COPYRIGHT OR LEGAL DEPOSIT NUMBER | |
| Copyright or legal deposit number | 2010/2/481 |
| 040 ## - CATALOGING SOURCE | |
| Original cataloging agency | JO-AjNU |
| Language of cataloging | ara |
| Description conventions | rda |
| Transcribing agency | JO-AjNU |
| 041 ## - LANGUAGE CODE | |
| Language code of text/sound track or separate title | ara |
| 050 14 - LIBRARY OF CONGRESS CALL NUMBER | |
| Classification number | LB1028.35.M82 2010 |
| 100 3# - MAIN ENTRY--PERSONAL NAME | |
| Personal name | الجمعية الأردنية للبحث العلمي؛ منسق المحور أبو الرز، جمال ؛ اشراف انور البطيخي, |
| Relator term | author |
| 9 (RLIN) | 57159 |
| 245 00 - TITLE STATEMENT | |
| Title | أساليب التدريس ودمج التكنولوجيا في التعليم : وقائع المؤتمر الرابع للبحث العلمي في الأردن 7/11/2009 الأوراق العلمية المحكمة |
| 264 31 - PRODUCTION, PUBLICATION, DISTRIBUTION, MANUFACTURE, AND COPYRIGHT NOTICE | |
| Place of production, publication, distribution, manufacture | عمان: الجمعية الاردنية للبحث العلمي ، 2010 |
| 300 ## - PHYSICAL DESCRIPTION | |
| Extent | عربي: 158ص ؛ انجليزي: 66ص |
| 336 ## - CONTENT TYPE | |
| Content type term | text |
| Content type code | txt |
| Source | rdacontent |
| 337 ## - MEDIA TYPE | |
| Media type term | unmediated |
| Media type code | n |
| Source | rdamedia |
| 338 ## - CARRIER TYPE | |
| Carrier type term | volume |
| Carrier type code | nc |
| Source | rdacarrier |
| 650 #4 - SUBJECT ADDED ENTRY--TOPICAL TERM | |
| Topical term or geographic name entry element | تكنولوجيا التعليم- مؤتمرات- طرق التدريس- البحث العلمي- مؤتمرات |
| 9 (RLIN) | 57160 |
| Withdrawn status | Lost status | Source of classification or shelving scheme | Damaged status | Not for loan | Home library | Current library | Shelving location | Date acquired | Total Checkouts | Full call number | Barcode | Date last seen | Price effective from | Koha item type |
|---|---|---|---|---|---|---|---|---|---|---|---|---|---|---|
| Library of Congress Classification | مكتبة جامعة عجلون الوطنية | مكتبة جامعة عجلون الوطنية | المجموعات العامة | 06/06/2023 | LB1028.35.M82 2010 | A25597 | 06/06/2023 | 06/06/2023 | Books |